| 000 | 01351cam a2200325 i 4500 | ||
|---|---|---|---|
| 001 | 4452363 | ||
| 003 | EG-ScBUE | ||
| 005 | 20241218092852.0 | ||
| 008 | 950605s1995 enka f 100 0 eng d | ||
| 020 | _a0521481775 | ||
| 020 | _a9780521481779 | ||
| 040 |
_aDLC _beng _erda _cDLC _dDLC _dEG-ScBUE |
||
| 082 | 0 | 4 |
_a523.113 _222 _bFOR |
| 111 | 2 |
_aIAA-IAC-University of Pisa Workshop _d(1994 : _cGranada, Spain) _97551 |
|
| 245 | 1 | 4 |
_aThe Formation of the Milky Way : _bproceedings of the IAA-IAC-university of pisa workshop, held in granada, Spain, September 4-9, 1994 / _cedited by E.J. Alfaro and A.J. Delgado. |
| 264 | 1 |
_aCambridge ; _aNew York : _bCambridge University Press, _c1995. |
|
| 300 |
_axvi, 360 pages : _billustrations ; _c24 cm |
||
| 336 |
_2rdacontent _atext _btxt |
||
| 337 |
_aunmediated _2rdamedia _bn |
||
| 338 |
_avolume _bnc _2rdacarrier |
||
| 650 | 7 |
_aGalaxies _xFormation _xCongresses. _2BUEsh _97552 |
|
| 650 | 7 |
_aGalaxies _xEvolution _xCongresses. _2BUEsh _97553 |
|
| 651 | 7 |
_aMilky Way _xCongresses. _2BUEsh _97554 |
|
| 655 | _vReading book | ||
| 700 | 1 |
_aAlfaro, E. J., _eeditor. _97555 |
|
| 700 | 1 |
_aDelgado, A. J., _eeditor. _97556 |
|
| 856 | 4 | 2 |
_3Publisher description _uhttp://www.loc.gov/catdir/description/cam027/95030433.html |
| 856 | 4 | 1 |
_3Table of contents _uhttp://www.loc.gov/catdir/toc/cam021/95030433.html |
| 942 |
_2ddc _cBB |
||
| 999 |
_c12197 _d12197 |
||